1427 1993 1079 1251 1397 1434 1491 1231 1810 1434 1255 1182 1021 1515 1519 1458 1699 1038 1152 1670 1785 1038 1606 1805 1010 1258 1778 1009 1400 1534 1291 1866 1442 1769 1193 1144 1543 1254 1452 1564 1297 1728 1262 1875 1261 1581 1399 1542 1350 1435 1750 1521 1762 1441 1835 1676 1828 1206 1141 1753 1488 1955 1781 1728 1808 1674 1742 1850 1971 1717 1295 1937 1797 1213 1223 1341 1299 1598 1794 1209 1489 1158 1077 1735 1298 1854 1844 1717 1933 1579 1895 1867 1217 1273 1792 1612 1365 1512 1779 BCNSPRNW ULIB Ver.6.0+V

เปลี่ยนเป็นภาษาไทย

Change to English
 แสดงรายละเอียดบรรณานุกรม
  กลับหน้าหลัก

Brief Record : Get Marc (ISO 2709) : E-mail record : QR code < ปิดหน้าต่าง
LEADER : 00000nam 2200000uu 4500
001    13399127195
003     ULIB
008    191021s2562||||th 000 0 tha d
020 ^- ^a9786160036202
050 ^- ^aนว.^bต258ณ
100 0^ aตะวัน.
245 10 ^aณ จุดเกิดรัก /^cตะวัน.
250 ^- ^aพิมพ์ครั้งที่ 1.
260 ^- ^aกรุงเทพฯ :^bบริษัทสถาพรบุ๊คส์ จำกัด,^c2562
300 ^- ^a487 หน้า.
945    ^p340^l0^i27887
999    ^aกัณชพร จุลอักษร
รายการนี้ยังไม่มีแท็ก
คุณยังไม่ได้ล็อกอิน คุณสามารถมีกิจกรรมร่วมกับเว็บไซต์ได้ แต่ต้องล็อกอินก่อน ::
  ล็อกอิน

รายการสื่อสารสนเทศ

ลำดับที่ ประเภท เลขเรียก/บาร์โค้ด สถานที่ สถานะ
1. วิทยาศาสตร์การแพทย์ และสุขภาพ
วิทยาศาสตร์การแพทย์ และสุขภาพ
นว. ต258ณ ฉ.1 
  Barcode: 27887
ห้องสมุดวิทยาเขตนครสวรรค์
►นวนิยาย:l:Fiction
บนชั้น

รายการใกล้เคียง
    ผู้แต่ง [aตะวัน.]

BibComment


ยังไม่เคยถูกคอมเมนท์

คอมเมนท์ทรัพยากรรายการนี้
  คอมเมนท์: ณ จุดเกิดรัก ตะ..


 Copyright 2026. Bcnsprnw @Library